Animaux par lettre - B - Statistiques

Statistiques générales
  • Ce quiz a été pris 56 fois
  • Le résultat moyen est 11 sur 15
Statistiques - réponses
Questions Réponses % Correct
Quel primate est remarquable par son postérieur de couleur rouge chez les femelles ? Babouin
93%
Quel poisson prend le nom de "loup" quand il est pêché en Méditerranée ? Bar
91%
Quelle grande espèce de serpents de 3 lettres est dite "constricteur" ? Boa
91%
Selon La Fontaine, la grenouille veut se faire aussi grosse que quel animal (taureau castré) ? Boeuf
91%
Quel insecte, n'étant pas le mâle de l'abeille partage son nom avec un membre des Inconnus ? Bourdon
91%
Quel animal complète la chanson de "Kouerien" : J'entends le loup, le renard et la... ? Belette
89%
Quel animal marin est considéré comme le plus gros de l'histoire du règne animal ? Baleine (bleue)
85%
Quelle femelle du cerf était également le surnom affectueux donné à Claude Gensac par Louis de Funès ? Biche
85%
Quel animal a fait l'objet de massacres aux Etats-Unis car symbole des Indiens d'Amérique ? Bison
73%
Quel animal, homonyme d'une plante utile pour la confection du pesto, est également appelé "Lézard Jésus-Christ" ? Basilic
71%
Quel poisson prédateur partage son nom avec un membre de l'Agence tout risques ? Barracuda
69%
Quel rapace d'une envergure de plus d'1m est le plus endémique des campagnes françaises ? Buse
65%
Quel animal ayant failli disparaître au XIXème siècle, puis réintroduit majoritairement dans les Alpes, a pour femelle "l'étagne" ? Bouquetin
42%
Célèbre cousin de Thierry, quel crustacé est plus connu sous le nom de "Pagure" ? Bernard l'hermite
33%
Quel animal omnivore définit également un homme borné et assez niais ? Blaireau
22%
Aucun quiz correspondant
Distribution des résultats
% des personnes avec chaque résultat
Percentile par nombre de réponses
Votre historique - résultats
Vous n’avez pas pris ce quiz